ბათუმის შოთა რუსთაველის სახელმწიფო უნივერსიტეტის ბიბლიოთეკა

Словарь-справочник энтомолога (ბიბ.ჩანაწერი № 46351)

000 -LEADER
fixed length control field 00677nam a2200217Ia 4500
001 - CONTROL NUMBER
control field 13187
003 - CONTROL NUMBER IDENTIFIER
control field GE_BSU
008 - FIXED-LENGTH DATA ELEMENTS--GENERAL INFORMATION
fixed length control field 181216s||||||||xx |||||||||||||| ||und||
040 ## - CATALOGING SOURCE
Transcribing agency GE_BSU
080 ## - UNIVERSAL DECIMAL CLASSIFICATION NUMBER
Universal Decimal Classification number 632(035)
100 ## - MAIN ENTRY--PERSONAL NAME
Personal name Бей-Биенко,Г.Я. Берим,Н.Г. Брянцев,Б.А.
245 ## - TITLE STATEMENT
Title Словарь-справочник энтомолога
245 ## - TITLE STATEMENT
Statement of responsibility, etc. Под.ред.В.Н.Щеголева
250 ## - EDITION STATEMENT
Edition statement 2-ое дополн.и перераб.
260 ## - PUBLICATION, DISTRIBUTION, ETC.
Place of publication, distribution, etc. Москва
260 ## - PUBLICATION, DISTRIBUTION, ETC.
Name of publisher, distributor, etc. Сельхозгиз
260 ## - PUBLICATION, DISTRIBUTION, ETC.
Date of publication, distribution, etc. 1958
300 ## - PHYSICAL DESCRIPTION
Extent 631стр.илл.22см.
653 ## - INDEX TERM--UNCONTROLLED
Uncontrolled term Словарь-справочник энтомолога
942 ## - ADDED ENTRY ELEMENTS (KOHA)
Koha item type წიგნი
ეგზემპლარები
Withdrawn status Lost status Damaged status Not for loan Date acquired Barcode Date last seen Price effective from Koha item type
        2018-12-17 20802 2018-12-17 2018-12-17 წიგნი